Anagrammes - écrivains français - Série 03 - Statistiques

Statistiques générales
  • Ce quiz a été pris 202 fois
  • Le résultat moyen est 6 sur 10
Statistiques - réponses
Anagramme Ecrivain % Correct
MUDAS Dumas
98%
TUSSEM Musset
96%
GOLPAN Pagnol
75%
PUGEY Peguy
67%
LLOVIN Villon
65%
RENFOUIR Fournier
52%
OBTUSES Bossuet
40%
ALEVINER Verlaine
40%
GUITARE Gautier
14%
BARONNES Bernanos
9%
Aucun quiz correspondant
Distribution des résultats
% des personnes avec chaque résultat
Percentile par nombre de réponses
Votre historique - résultats
Vous n’avez pas pris ce quiz